000 00281nam a22001337a 4500
008 170927b xxu||||| |||| 00| 0 eng d
020 _a9780205773220
041 _aeng
080 _24TH
_a37
100 _a46
101 _aEDU
245 _aLB BRIEF
_cAARON,J.E
942 _2udc
_cBK
999 _c30158
_d30158